[Event "AUTO-INT-915"]
[Site "http://www.queenalice.com/game.php?id=409299"]
[Date "2008.5.27"]
[Round "1"]
[White "Zerlene"]
[Black "Rajko"]
[Result "1-0"]
[WhiteElo "1596"]
[BlackElo "1753"]

1. e4 e5 2. Nf3 d6 3. Bc4 c5 4. d3 h6 5. Nc3 Nf6 6. Be3 Be7 7. O-O O-O 8. Re1 a6
9. a3 Nc6 10. Nd5 Nxd5 11. Bxd5 Bf6 12. Rb1 Ne7 13. c4 Nxd5 14. cxd5 Bg4 15. h3
Bxf3 16. Qxf3 b5 17. Qg4 Bg5 18. Bxg5 Qxg5 19. Qxg5 1-0

[Event "AUTO-OPEN-1149"]
[Site "http://www.queenalice.com/game.php?id=411239"]
[Date "2008.6.1"]
[Round "1"]
[White "Rajko"]
[Black "cavalomestre"]
[Result "0-1"]
[WhiteElo "1483"]
[BlackElo "1571"]

1. e4 e5 2. Nf3 Nc6 3. c4 Bc5 4. d3 d6 5. Be2 Qf6 6. O-O Bg4 7. h3 Bh5 8. Nc3 h6
9. Nd5 Qd8 10. Be3 Bxe3 11. Nxe3 Qf6 12. Nh2 Bxe2 13. Qxe2 Nd4 14. Qd1 Ne7 15.
Nc2 Ng6 16. Nxd4 exd4 17. Ng4 Qg5 18. Nh2 Nf4 19. Qf3 O-O-O 20. b4 f5 0-1

[Event "AUTO-OPEN-1149"]
[Site "http://www.queenalice.com/game.php?id=411240"]
[Date "2008.6.1"]
[Round "1"]
[White "cavalomestre"]
[Black "Rajko"]
[Result "1-0"]
[WhiteElo "1583"]
[BlackElo "1471"]

1. e4 e5 2. Bc4 d6 3. Qf3 Nf6 4. d3 h6 5. Be3 Be7 6. Nc3 c5 7. Nd5 Nxd5 8. Bxd5
O-O 9. Qg3 Kh7 10. Nf3 Nc6 11. c3 Bf6 12. h4 Ne7 13. a3 Nxd5 14. exd5 b5 15. b4
c4 16. d4 exd4 17. Bxd4 Re8+ 18. Kf1 Bxd4 19. Nxd4 a6 20. Qf4 1-0

[Event "AUTO-OPEN-1149"]
[Site "http://www.queenalice.com/game.php?id=411241"]
[Date "2008.6.1"]
[Round "1"]
[White "Rajko"]
[Black "Drifter"]
[Result "0-1"]
[WhiteElo "1490"]
[BlackElo "1772"]

1. e4 e5 2. Nf3 Nc6 3. c4 Nf6 4. d3 Bc5 5. Be2 O-O 6. O-O d6 7. h3 Be6 8. Nc3
Bd4 9. Nd5 Bc5 10. Be3 Bxe3 11. Nxe3 Ne8 12. Nd5 Bxd5 13. cxd5 Nd4 14. Nxd4 exd4
15. Qa4 c5 16. dxc6 b6 17. b4 a6 18. b5 axb5 0-1

[Event "AUTO-OPEN-1149"]
[Site "http://www.queenalice.com/game.php?id=411242"]
[Date "2008.6.1"]
[Round "1"]
[White "Drifter"]
[Black "Rajko"]
[Result "1-0"]
[WhiteElo "1748"]
[BlackElo "1560"]

1. e4 e5 2. Nf3 d6 3. Bc4 c5 4. Nc3 Be7 5. O-O Nc6 6. d3 Nf6 7. Be3 O-O 8. Bg5
h6 9. Be3 Bg4 10. a3 Nd4 11. Bxd4 cxd4 12. Nd5 Nxd5 13. Bxd5 Rb8 14. h3 Bxf3 15.
Qxf3 b5 16. b3 Bf6 17. c4 dxc3 18. Rfc1 1-0

[Event "AUTO-OPEN-1149"]
[Site "http://www.queenalice.com/game.php?id=411243"]
[Date "2008.6.1"]
[Round "1"]
[White "Rajko"]
[Black "Romerflu"]
[Result "0-1"]
[WhiteElo "1708"]
[BlackElo "1571"]

1. e4 e5 2. Nf3 d6 3. c4 Bg4 4. Be2 Nc6 5. d3 Qe7 6. h3 Bxf3 7. Bxf3 O-O-O 8.
O-O g6 9. Nc3 a6 10. Bg4+ Kb8 11. Nd5 Qe8 12. Bg5 f6 13. Nxf6 Nxf6 14. Bxf6 Bh6
15. Bxd8 Qxd8 16. a3 Nd4 17. b4 c6 18. a4 b5 19. axb5 cxb5 20. Rxa6 Qc8 21. Bxc8
Kxc8 22. Rxd6 Rd8 23. Rxd8+ Kxd8 24. c5 Kc8 25. g3 Bg5 26. f4 Be7 27. fxe5 h5
28. Qa1 Ne2+ 29. Kh2 Nxg3 30. Kxg3 g5 31. Qa8+ Kc7 0-1

[Event "AUTO-OPEN-1149"]
[Site "http://www.queenalice.com/game.php?id=411244"]
[Date "2008.6.1"]
[Round "1"]
[White "Romerflu"]
[Black "Rajko"]
[Result "1-0"]
[WhiteElo "1548"]
[BlackElo "1731"]

1. e4 e5 2. c3 c5 3. d4 cxd4 4. cxd4 exd4 5. Qxd4 Nc6 6. Qd1 Nf6 7. Bg5 Be7 8.
Bxf6 Bxf6 9. Qd2 O-O 10. f3 d5 11. Nc3 Bxc3 12. bxc3 dxe4 13. O-O-O Qxd2+ 14.
Rxd2 exf3 15. Nxf3 Bg4 16. Bb5 Bxf3 17. gxf3 Ne5 18. f4 Ng6 19. f5 Ne5 20. Rg2
a6 21. Be2 f6 22. Rhg1 Rf7 23. Bh5 Re7 24. Be2 Rc8 25. c4 Nxc4 26. Bxc4+ Rxc4+
27. Kb2 Rf4 28. Rd2 1-0

[Event "AUTO-INT-919"]
[Site "http://www.queenalice.com/game.php?id=411453"]
[Date "2008.6.1"]
[Round "1"]
[White "Rajko"]
[Black "Chazam"]
[Result "1-0"]
[WhiteElo "1604"]
[BlackElo "1666"]

1. e4 e5 2. Nf3 f6 3. Nxe5 fxe5 4. Qh5+ g6 5. Qxe5+ Qe7 6. Qxh8 Qxe4+ 7. Kd1 Ne7
8. Qc3 Nbc6 9. f3 Qh4 10. Qe3 d6 11. Nc3 a6 12. b3 Bd7 13. Bb2 Bh6 14. Qe2 O-O-O
15. g3 1-0

[Event "AUTO-INT-919"]
[Site "http://www.queenalice.com/game.php?id=411469"]
[Date "2008.6.1"]
[Round "1"]
[White "Rajko"]
[Black "nelsoncxc"]
[Result "0-1"]
[WhiteElo "1443"]
[BlackElo "1469"]

1. e4 e6 2. d4 d5 3. e5 c5 4. c3 Nc6 5. Nf3 Qc7 6. Bb5 Bd7 7. Bxc6 bxc6 8. O-O
cxd4 9. cxd4 c5 10. Be3 Ne7 0-1

[Event "AUTO-INT-919"]
[Site "http://www.queenalice.com/game.php?id=411478"]
[Date "2008.6.1"]
[Round "1"]
[White "hugo10"]
[Black "Rajko"]
[Result "1-0"]
[WhiteElo "1376"]
[BlackElo "1687"]

1. e4 e5 2. Nf3 d6 3. Bc4 c5 4. d3 Be7 5. g3 h6 6. a3 Nf6 7. h3 O-O 8. g4 Nc6 9.
g5 hxg5 10. Bxg5 a6 11. Rg1 Nh7 12. Bxe7 Qxe7 13. c3 Be6 14. Bxe6 fxe6 15. h4 d5
16. d4 dxe4 17. Nxe5 Nxe5 18. dxe5 Qxh4 19. Qg4 Qxg4 20. Rxg4 Rad8 21. Rxe4 g5
22. b4 b6 23. a4 Rf4 24. Rxf4 gxf4 25. bxc5 bxc5 26. Na3 Rd5 27. Nc4 Ng5 28. Rb1
Nf3+ 29. Ke2 Nxe5 30. Nb6 Rd6 31. Nc8 Rd3 32. Rb8 Kf7 33. a5 Rxc3 34. Nd6+ Ke7
35. Rb6 f3+ 36. Kd2 Ra3 37. Rxa6 1-0

[Event "AUTO-INT-919"]
[Site "http://www.queenalice.com/game.php?id=411479"]
[Date "2008.6.1"]
[Round "1"]
[White "Rajko"]
[Black "hugo10"]
[Result "1-0"]
[WhiteElo "1628"]
[BlackElo "1371"]

1. e4 e5 2. Nf3 Nc6 3. c4 Bc5 4. d3 Nf6 5. Be2 Nb4 6. Nxe5 d6 7. Nf3 Bg4 8. a3
Na6 9. O-O c6 10. h3 Bxf3 11. Bxf3 b5 12. cxb5 Nc7 13. bxc6 Na6 14. b4 Bd4 15.
Ra2 Bb6 16. d4 d5 17. b5 Nb8 18. e5 Ne4 19. Bxe4 dxe4 20. d5 f6 21. e6 Bc7 22.
Re2 Qd6 23. g3 f5 24. Bf4 Qd8 25. d6 Bb6 26. d7+ Nxd7 27. exd7+ Kf8 28. Qd6+ Qe7
29. Qxe7+ Kg8 30. Qe6+ Kf8 31. Bd6# 1-0

[Event "QA-ANNIV-04"]
[Site "http://www.queenalice.com/game.php?id=418372"]
[Date "2008.6.16"]
[Round "1"]
[White "Rajko"]
[Black "rodrigohuii"]
[Result "1-0"]
[WhiteElo "1736"]
[BlackElo "1753"]

1. e4 e5 2. Nf3 Nf6 3. Nxe5 Nc6 4. Nxc6 dxc6 5. d3 Bc5 6. h3 Bxf2+ 7. Kxf2 Nxe4+
8. Kf3 Qd5 9. Qe2 O-O 10. Qxe4 Qh5+ 11. g4 Bxg4+ 12. Qxg4 Qd5+ 13. Qe4 Qh5+ 14.
Kf2 Qc5+ 15. Kg3 1-0